| 000 | 00524nam a22001817a 4500 | ||
|---|---|---|---|
| 003 | 0 | ||
| 005 | 20250723154549.0 | ||
| 008 | 241121b xxu||||| |||| 00| 0 eng d | ||
| 020 | _a9781394201242 | ||
| 050 |
_aQA 303.2 _b.St74 2024 |
||
| 100 |
_aSterling, Mary Jane, _eauthor. |
||
| 245 |
_aPre-Calculus all-in-one for dummies / _cMary Jane Sterling. |
||
| 260 |
_aHoboken, NJ : _bJohn Wiley & Sons, Inc., _c2024. |
||
| 300 |
_axvi, 597 p. ; _c26 cm. |
||
| 504 | _aIncludes index. | ||
| 650 | _aCalculus. | ||
| 942 |
_2lcc _cBK |
||
| 999 |
_c366779 _d366779 |
||